[Event "SVK-chT1E 1920"]
[Site "Slovakia"]
[Date "2019.11.10"]
[Round "4.3"]
[White "Galvanek, Ladislav"]
[Black "Pcola, Jaroslav"]
[Result "1/2-1/2"]
[WhiteElo "1966"]
[BlackElo "2071"]
[PlyCount "30"]
[EventDate "2019.10.12"]
[EventType "team-tourn"]
[EventRounds "11"]
[EventCountry "SVK"]
[SourceTitle "CBM 193 Extra"]
[Source "ChessBase"]
[SourceDate "2020.01.31"]
[SourceVersion "1"]
[SourceVersionDate "2020.01.31"]
[SourceQuality "1"]
[WhiteTeam "Kysucke Nove Mesto"]
[BlackTeam "Humenne Reinter II"]
[WhiteTeamCountry "SVK"]
[BlackTeamCountry "SVK"]

1. d4 Nf6 2. Bf4 e6 3. e3 c5 4. c3 d5 5. Nd2 Bd6 6. Bg3 Qc7 7. Ngf3 Nbd7 8. Bd3 0-0 9. Bxd6 Qxd6 10. 0-0 e5 11. dxe5 Nxe5 12. Nxe5 Qxe5 13. Nf3 Qe7 14. Qc2 b6 15. Ng5 h6 1/2-1/2

[Event "SVK-chT1E 1819"]
[Site "Slovakia"]
[Date "2019.02.23"]
[Round "8.6"]
[White "Galvanek, Ladislav"]
[Black "Nadzamova, Viktoria"]
[Result "1-0"]
[WhiteElo "1963"]
[BlackElo "1734"]
[PlyCount "67"]
[EventDate "2018.10.27"]
[EventType "team-tourn"]
[EventRounds "11"]
[EventCountry "SVK"]
[SourceTitle "CBM 189 Extra"]
[Source "ChessBase"]
[SourceDate "2019.06.03"]
[SourceVersion "1"]
[SourceVersionDate "2019.06.03"]
[SourceQuality "1"]
[WhiteTeam "Kysucke Nove Mesto"]
[BlackTeam "Kosice Slavia TU II"]
[WhiteTeamCountry "SVK"]
[BlackTeamCountry "SVK"]

1. d4 d5 2. Bf4 Nf6 3. e3 e6 4. c3 Bd6 5. Bg3 b6 6. Nd2 Bb7 7. Bd3 0-0 8. Ngf3 Ne4 9. Qc2 f5 10. Bxd6 Qxd6 11. Ne5 c5 12. 0-0 Nd7 13. Nxd7 Qxd7 14. Nf3 c4 15. Be2 Qe7 16. Ne5 Rf6 17. Bf3 Raf8 18. g3 Rh6 19. Qe2 g5 20. Bg2 Qe8 21. f4 gxf4 22. Rxf4 Qe7 23. Bxe4 fxe4 24. Qg4+ Kh8 25. Rxf8+ Qxf8 26. Rf1 Rf6 27. Rxf6 Qxf6 28. Qh5 Qg7 29. Qe8+ Qg8 30. Qd7 Qc8 31. Qe7 Ba6 32. Nf7+ Kg8 33. Nh6+ Kh8 34. Qf6# 1-0

[Event "SVK-chT1E 1819"]
[Site "Slovakia"]
[Date "2018.10.28"]
[Round "2.7"]
[White "Taragelova, Martina"]
[Black "Galvanek, Ladislav"]
[Result "0-1"]
[WhiteElo "1840"]
[BlackElo "1963"]
[PlyCount "102"]
[EventDate "2018.10.27"]
[EventType "team-tourn"]
[EventRounds "11"]
[EventCountry "SVK"]
[SourceTitle "CBM 187 Extra"]
[Source "ChessBase"]
[SourceDate "2018.11.04"]
[SourceVersion "1"]
[SourceVersionDate "2018.11.04"]
[SourceQuality "1"]
[WhiteTeam "Liptov Chess School II"]
[BlackTeam "Kysucke Nove Mesto"]
[WhiteTeamCountry "SVK"]
[BlackTeamCountry "SVK"]

1. e4 Nf6 2. e5 Nd5 3. c4 Nb6 4. d4 d6 5. exd6 cxd6 6. Nc3 g6 7. Be3 Bg7 8. Be2 0-0 9. Nf3 Nc6 10. 0-0 Bf5 11. Rc1 d5 12. c5 Nc8 13. Bd3 Bg4 14. Be2 Bxf3 15. Bxf3 e6 16. a3 N8e7 17. Ne2 Nf5 18. b4 Qf6 19. Rc2 Nfxd4 20. Nxd4 Nxd4 21. Qxd4 Qxd4 22. Bxd4 Bxd4 23. Rd1 Be5 24. Rb1 Rfc8 25. a4 Rc7 26. g3 Rac8 27. Rbc1 Bf6 28. Be2 Be7 29. f4 Kf8 30. Kf2 a5 31. bxa5 Rxc5 32. Rxc5 Rxc5 33. Rxc5 Bxc5+ 34. Kf3 Ke7 35. a6 bxa6 36. Bxa6 Bb6 37. g4 f6 38. Ke2 e5 39. fxe5 fxe5 40. Kd2 g5 41. h3 Kd6 42. Bb7 Kc5 43. Kd3 e4+ 44. Ke2 Kd4 45. Ba6 Ke5 46. Kd2 d4 47. Bb5 Ba5+ 48. Ke2 d3+ 49. Ke3 Bb6+ 50. Kd2 Kd4 51. Kd1 e3 0-1

[Event "SVK-chT1E 1819"]
[Site "Slovakia"]
[Date "2018.10.27"]
[Round "1.7"]
[White "Galvanek, Ladislav"]
[Black "Hagara, Eduard1111"]
[Result "1-0"]
[WhiteElo "1963"]
[BlackElo "1808"]
[PlyCount "29"]
[EventDate "2018.10.27"]
[EventType "team-tourn"]
[EventRounds "11"]
[EventCountry "SVK"]
[SourceTitle "CBM 187 Extra"]
[Source "ChessBase"]
[SourceDate "2018.11.04"]
[SourceVersion "1"]
[SourceVersionDate "2018.11.04"]
[SourceQuality "1"]
[WhiteTeam "Kysucke Nove Mesto"]
[BlackTeam "Kezmarok"]
[WhiteTeamCountry "SVK"]
[BlackTeamCountry "SVK"]

1. d4 e5 2. dxe5 Nc6 3. Nf3 Qe7 4. Bf4 Qb4+ 5. Bd2 Qxb2 6. Nc3 Bb4 7. Rb1 Qa3 8. Nd5 Bxd2+ 9. Qxd2 Kd8 10. e4 h6 11. Be2 b6 12. 0-0 Nge7 13. Qf4 Rf8 14. Rb3 Ng6 15. Rxa3 1-0

[Event "SVK-chT1E 1718"]
[Site "Slovakia"]
[Date "2018.03.11"]
[Round "11.4"]
[White "Galvanek, Ladislav"]
[Black "Andras, Tomas"]
[Result "1-0"]
[WhiteElo "2024"]
[BlackElo "2100"]
[PlyCount "83"]
[EventDate "2017.10.21"]
[EventType "team-tourn"]
[EventRounds "11"]
[EventCountry "SVK"]
[SourceTitle "EXT 2019"]
[Source "ChessBase"]
[SourceDate "2018.10.10"]
[SourceVersion "1"]
[SourceVersionDate "2018.10.10"]
[SourceQuality "1"]
[WhiteTeam "Kysucke Nove Mesto"]
[BlackTeam "Kezmarok"]
[WhiteTeamCountry "SVK"]
[BlackTeamCountry "SVK"]

1. d4 d5 2. Nf3 f5 3. g3 Nf6 4. Bg2 e6 5. 0-0 Bd6 6. b3 Nbd7 7. Bb2 Ne4 8. c4 c6 9. Nbd2 Ndf6 10. Ne5 Nxd2 11. Qxd2 h5 12. Qg5 Qc7 13. Qg6+ Kf8 14. Qg5 Rh6 15. h4 Bxe5 16. dxe5 Ng4 17. Rac1 Qe7 18. cxd5 exd5 19. f3 Qxg5 20. hxg5 Rg6 21. fxg4 Rxg5 22. gxh5 Rxg3 23. Kf2 f4 24. Bf3 Be6 25. Rg1 Rxg1 26. Rxg1 a5 27. Ba3+ Kf7 28. Bd6 a4 29. bxa4 Rxa4 30. a3 Bf5 31. Bg4 Bxg4 32. Rxg4 b6 33. Kf3 d4 34. Rxf4+ Ke6 35. e3 c5 36. exd4 Rxa3+ 37. Kg4 Ra2 38. dxc5 bxc5 39. Rc4 Rg2+ 40. Kh3 Rg5 41. Kh4 Rg1 42. Bxc5 1-0

[Event "SVK-chT2C 1718"]
[Site "Slovakia"]
[Date "2018.02.25"]
[Round "9.6"]
[White "Galvanek, Ladislav"]
[Black "Brnusak, Tomas"]
[Result "1/2-1/2"]
[WhiteElo "2003"]
[BlackElo "1841"]
[PlyCount "91"]
[EventDate "2017.10.28"]
[EventType "team-tourn"]
[EventRounds "11"]
[EventCountry "SVK"]
[SourceTitle "EXT 2019"]
[Source "ChessBase"]
[SourceDate "2018.10.10"]
[SourceVersion "1"]
[SourceVersionDate "2018.10.10"]
[SourceQuality "1"]
[WhiteTeam "Dunajov Inbest II"]
[BlackTeam "Liptov Chess School III"]
[WhiteTeamCountry "SVK"]
[BlackTeamCountry "SVK"]

1. d4 Nf6 2. Nf3 g6 3. Bf4 Bg7 4. e3 d6 5. h3 0-0 6. Be2 Nbd7 7. 0-0 b6 8. c4 Re8 9. Nc3 Bb7 10. Bh2 e5 11. dxe5 dxe5 12. Qc2 a6 13. Rfd1 Qe7 14. Nd5 Nxd5 15. cxd5 Rac8 16. Rac1 e4 17. Nd4 Bxd5 18. Bxa6 Ra8 19. Bc4 Bxc4 20. Qxc4 Be5 21. Nc6 Qe6 22. Nxe5 Nxe5 23. Qxe4 c5 24. a3 Nc6 25. Qxe6 Rxe6 26. Rd5 Ra4 27. Bc7 Na5 28. Be5 f6 29. Bc3 Nc6 30. Rcd1 Kf7 31. Rd7+ Re7 32. R1d6 Rxd7 33. Rxd7+ Ke6 34. Rxh7 Ne7 35. Rh8 Nd5 36. Rb8 Kd7 37. Kf1 Nxc3 38. bxc3 Kc7 39. Rg8 Rxa3 40. Rxg6 Rxc3 41. h4 b5 42. Rxf6 b4 43. Rf7+ Kc6 44. Rf6+ Kc7 45. Rf7+ Kc6 46. Rf6+ 1/2-1/2

[Event "SVK-chT1E 1617"]
[Site "Slovakia"]
[Date "2016.12.11"]
[Round "6.6"]
[White "Feco, Jan"]
[Black "Galvanek, Ladislav"]
[Result "1/2-1/2"]
[WhiteElo "1806"]
[BlackElo "1954"]
[PlyCount "48"]
[EventDate "2016.10.15"]
[EventType "team-tourn"]
[EventRounds "11"]
[EventCountry "SVK"]
[SourceTitle "EXT 2018"]
[Source "ChessBase"]
[SourceDate "2017.10.13"]
[SourceVersion "1"]
[SourceVersionDate "2017.10.13"]
[SourceQuality "1"]
[WhiteTeam "Jelsava Magnezit"]
[BlackTeam "Kysucke Nove Mesto"]
[WhiteTeamCountry "SVK"]
[BlackTeamCountry "SVK"]

1. Nc3 d5 2. e4 d4 3. Nce2 e5 4. Ng3 Nf6 5. Bc4 Be7 6. a3 Nc6 7. d3 Be6 8. Bxe6 fxe6 9. Nh3 Qd7 10. 0-0 0-0 11. Bd2 Nd8 12. Ng5 Nf7 13. Nf3 c5 14. a4 b6 15. b3 a6 16. h3 b5 17. Qe2 Rfc8 18. Ra2 Qb7 19. Rfa1 Ne8 20. axb5 axb5 21. Rxa8 Rxa8 22. Rxa8 Qxa8 23. Qd1 Ned6 24. Ne1 Bf8 1/2-1/2

[Event "SVK-chT1E 1617"]
[Site "Slovakia"]
[Date "2016.12.10"]
[Round "5.6"]
[White "Galvanek, Ladislav"]
[Black "Repkova, Eva"]
[Result "1-0"]
[WhiteElo "1954"]
[BlackElo "2319"]
[PlyCount "67"]
[EventDate "2016.10.15"]
[EventType "team-tourn"]
[EventRounds "11"]
[EventCountry "SVK"]
[SourceTitle "EXT 2018"]
[Source "ChessBase"]
[SourceDate "2017.10.13"]
[SourceVersion "1"]
[SourceVersionDate "2017.10.13"]
[SourceQuality "1"]
[WhiteTeam "Kysucke Nove Mesto"]
[BlackTeam "Zilina Mladost"]
[WhiteTeamCountry "SVK"]
[BlackTeamCountry "SVK"]

1. d4 Nf6 2. Nf3 b6 3. Bf4 Bb7 4. e3 d6 5. h3 Nbd7 6. Nbd2 g6 7. Be2 Bg7 8. 0-0 Nh5 9. Bh2 f5 10. Ng5 Bh6 11. Ne6 Qc8 12. Bxh5 Nf6 13. Bf3 c6 14. Bf4 Bxf4 15. Nxf4 e5 16. dxe5 dxe5 17. Nc4 Qb8 18. Qd6 Qxd6 19. Nxd6+ Ke7 20. Nxb7 Rhc8 21. Be2 exf4 22. exf4 Rcb8 23. Rfe1 Nd5 24. Rad1 Kf8 25. Nd6 Nxf4 26. Bf3 Rd8 27. Nc4 Rdc8 28. Ne5 Rc7 29. Nxc6 Rac8 30. Nd4 Rc4 31. c3 Kf7 32. Kh2 Ra4 33. g3 Nh5 34. Bxh5 1-0

[Event "SVK-chT1E 1617"]
[Site "Slovakia"]
[Date "2016.10.16"]
[Round "2.7"]
[White "Tropp, Lukas"]
[Black "Galvanek, Ladislav"]
[Result "1-0"]
[WhiteElo "2118"]
[BlackElo "1954"]
[PlyCount "85"]
[EventDate "2016.10.15"]
[EventType "team-tourn"]
[EventRounds "11"]
[EventCountry "SVK"]
[SourceTitle "CBM 175 Extra"]
[Source "ChessBase"]
[SourceDate "2016.12.12"]
[SourceVersion "1"]
[SourceVersionDate "2016.12.12"]
[SourceQuality "1"]
[WhiteTeam "Kosice Slavia TU"]
[BlackTeam "Kysucke Nove Mesto"]
[WhiteTeamCountry "SVK"]
[BlackTeamCountry "SVK"]

1. Nf3 d5 2. d4 Nf6 3. g3 c6 4. Bg2 Bf5 5. Nbd2 h6 6. 0-0 e6 7. b3 Be7 8. c4 0-0 9. Bb2 a5 10. e3 a4 11. c5 axb3 12. Qxb3 Nbd7 13. Rfc1 Ra7 14. Bc3 Qa8 15. a4 Rb8 16. a5 Bd8 17. Qb4 Ne4 18. Nxe4 Bxe4 19. Nd2 Bxg2 20. Kxg2 Nf6 21. Rcb1 Ne8 22. Nf3 f6 23. Ne1 Nc7 24. Nc2 Nb5 25. Bd2 Bc7 26. Na3 Nxa3 27. Rxa3 Ra6 28. Qb2 Bxa5 29. Bxa5 Rxa5 30. Rba1 b6 31. cxb6 Rxa3 32. Rxa3 Qb7 33. Rb3 Ra8 34. Qc3 Ra6 35. Qc5 Kf7 36. Rb2 g6 37. Qd6 Rxb6 38. Rxb6 Qxb6 39. Qd7+ Kf8 40. Qxe6 Qd8 41. Qxc6 Kf7 42. Qb7+ Ke6 43. Qg7 1-0

[Event "Olomouc op 18th"]
[Site "Olomouc"]
[Date "2015.08.16"]
[Round "3"]
[White "Krejci, Jan1111"]
[Black "Galvanek, Ladislav"]
[Result "1-0"]
[WhiteElo "2506"]
[BlackElo "2046"]
[PlyCount "49"]
[EventDate "2015.08.15"]
[EventType "swiss"]
[EventRounds "9"]
[EventCountry "CZE"]
[SourceTitle "EXT 2016"]
[Source "ChessBase"]
[SourceDate "2015.10.08"]
[SourceVersion "1"]
[SourceVersionDate "2015.10.08"]
[SourceQuality "1"]

1. d4 d5 2. c4 e6 3. Nc3 Nf6 4. cxd5 Nxd5 5. e4 Nxc3 6. bxc3 c5 7. a3 cxd4 8. cxd4 Be7 9. Nf3 0-0 10. Bd3 b6 11. Qe2 Bb7 12. 0-0 Nc6 13. Bb2 Rc8 14. Rad1 Na5 15. Rfe1 Re8 16. h3 Bf8 17. Ne5 Re7 18. Ng4 Rec7 19. Ne3 Rd7 20. d5 exd5 21. exd5 g6 22. Ng4 Bg7 23. Bxg7 Kxg7 24. Qb2+ f6 25. Re8 1-0

[Event "SVK-chT2C 1415"]
[Site "Slovakia"]
[Date "2015.03.07"]
[Round "10.5"]
[White "Uhrincat, Ivan"]
[Black "Galvanek, Ladislav"]
[Result "1-0"]
[WhiteElo "2014"]
[BlackElo "2010"]
[PlyCount "99"]
[EventDate "2014.10.11"]
[EventType "team-tourn"]
[EventRounds "11"]
[EventCountry "SVK"]
[SourceTitle "EXT 2016"]
[Source "ChessBase"]
[SourceDate "2015.10.08"]
[SourceVersion "1"]
[SourceVersionDate "2015.10.08"]
[SourceQuality "1"]
[WhiteTeam "Banska Bystrica Kurta"]
[BlackTeam "Kysucke Nove Mesto"]
[WhiteTeamCountry "SVK"]
[BlackTeamCountry "SVK"]

1. d4 d5 2. c4 e6 3. Nc3 Nf6 4. cxd5 Nxd5 5. e4 Nxc3 6. bxc3 c5 7. Nf3 cxd4 8. cxd4 Bb4+ 9. Bd2 Bxd2+ 10. Qxd2 0-0 11. Bc4 b6 12. 0-0 Bb7 13. Rfe1 Nc6 14. Rad1 Rc8 15. a4 Qd6 16. Qa2 Na5 17. Bb5 a6 18. Bd3 Rc3 19. Qe2 Ra8 20. d5 exd5 21. exd5 Rcc8 22. Ng5 g6 23. Qb2 Qxd5 24. Ne4 Rc6 25. Bb5 Qb3 26. Qxb3 Nxb3 27. Bxc6 Bxc6 28. Nc3 Nc5 29. Ra1 Rd8 30. Red1 Rxd1+ 31. Rxd1 Nxa4 32. Nxa4 Bxa4 33. Rd6 b5 34. Rxa6 Bb3 35. f4 h5 36. Kf2 Kg7 37. Rb6 Bc4 38. g3 Bd3 39. Ke3 Bc4 40. Kd4 Be2 41. Ke5 Bd3 42. Rb7 Bc4 43. f5 g5 44. h4 gxh4 45. gxh4 Bd3 46. Kf4 Bc4 47. Kg5 Bd5 48. f6+ Kh7 49. Rxb5 Bf3 50. Rb3 1-0